| 000 | 00339nam a22001337a 4500 | ||
|---|---|---|---|
| 008 | 171004b xxu||||| |||| 00| 0 eng d | ||
| 020 | _a9780880481892 | ||
| 041 | _aeng | ||
| 080 | _a159.9 | ||
| 100 | _a48 | ||
| 101 | _aPSI | ||
| 245 |
_aBIOLOGICAL ASSESMENT AND TRATMENT OF POSTTRAUMATIC STRESS DISORDER _cGILLER, E.L |
||
| 942 |
_2udc _cBK |
||
| 999 |
_c31566 _d31566 |
||